Культурне життя української діаспори в Польській Народній Республіці в другій половині 50-их – 60-ит роках XX ст. (на матеріалах тижневика "Наше слово") (Запис № 571165)

МАРК-запис
000 -Лідер
fixed length control field 03183nam a22002537a 4500
003 - Ідентифікатор контрольного номера
control field UA-OsUOA
005 - Дата та час останнього входження (трансакції)
control field 20210809142950.0
008 - Елементи даних фіксованої довжини – загальна інформація
fixed length control field 210809b un ||||| |||| 00| 0 ukr d
040 ## - Джерело каталогізації
Агенція оригінальної каталогізації UA-OsUOA
Мова каталогізації ukr
Агенція, яка здійснювала перезапис UA-OsUOA
Агенція, яка здійснювала модифікацію UA-OsUOA
041 ## - Код мови
Код мови тексту/ звукової доріжки чи окремого заголовка (П) ukr
080 ## - Індекс Універсальної десяткової класифікації
Індекс Універсальної десяткової класифікації (УДК) (НП) 94(477:438)(043)
090 ## - Локальний шифр розміщення
Класифікаційний індекс УДК 94(477:438)(043)
095 ## - Код спеціальності для авторефератів
Код спеціальності 07.00.01
Назва спеціальності історія України
100 ## - Основне введення – ім’я особи
Ім’я особи (НП) Парначова Н. В.
245 ## - Відомості про назву
Назва (НП) Культурне життя української діаспори в Польській Народній Республіці в другій половині 50-их – 60-ит роках XX ст. (на матеріалах тижневика "Наше слово")
Дані про відповідальність (НП) Парначова Наталія Володимирівна ; наук. керівник Стадник Ірина Юріївна
260 ## - Публікація, розповсюдження і т.п. (Вихідні дані)
Місце публікації, розповсюдження і т.п. (П) Переяслав
Дата публікації, розповсюдження і т.п. (П) 2021
300 ## - Фізичний опис
Обсяг 22 с.
502 ## - Примітка про дисертацію
Зв'язок Автореферат дисертації на здобуття наукового ступеня кандидата історичних наук<br/>
Наймення інституції, що представляється Державний вищий навчальний заклад "Переяслав-Хмельницький державний педагогічний університет імені Григорія Сковороди"
Рік отримання вченого ступеня 2021
520 ## - Резюме і т.п.
Резюме, реферат, анотація, тощо (НП) Дисертацію присвячено дослідженню культурного життя української діаспори в Польській народній Республіці в другій половині 50-х - 60-х роках XX ст. на матеріалах тижневика «Наше слово», адже останній є важливим джерелом для об’єктивної оцінки політичних, економічних, культурних, міжнаціональних процесів, які відбувалися в житті українців у другій половині 50-х - 60-х рр. XX ст. в Польській Народній Республіці. На основі комплексного аналізу історичних джерел, історіографічних здобутків і сучасних методологічних та концептуальних підходів здійснено комплексний аналіз та висвітлено в історичній ретроспективі роль тижневика «Наше слово» в культурному житті українців, сприянні відродженню національної ідентичності в іноетнічному середовищі українців у Польщі в другій половині 50-х - 60-х рр. XX ст., досліджено умови та головні напрямки діяльності газети, а також визначено місце газети в житті української громади в зазначений період.
650 ## - Додаткове предметне введення – тематичний термін
Джерело заголовка чи терміна UDC
Тематичний термін чи географічна назва, як елемент введення (НП) 94 Історія
942 ## - Додаткові елементи входу (Коха)
Source of classification or shelving scheme Universal Decimal Classification
Тип елемента Koha Автореферат
955 ## - Код типу видання за змістом
Код типу видання за змістом (НП) Наукові видання

Немає доступних примірників.